• 首页
  • 本馆介绍
  • 公告通知
  • 最新文献
  • 馆藏检索
  • 电子资源
  • 读者导购
  • 参考咨询
  • 我的图书馆
  • 登录
  • 详细信息显示
  • 放入我的书架
  • 预约/预借图书
  • 作者相关作品
  • 分类相关作品
  • 丛书相关作品
  • 出版社相关作品

书目信息

  • 表格格式
  • 工作单格式
  • 卡片格式
题名:
国际商法
    
 
作者: 刘刚仿 , 沈四宝 编著
分册:  
出版信息: 北京   对外经济贸易大学出版社  2013
页数: 297页
开本: 23cm
丛书名:
单 册:
中图分类: D996.1
科图分类:
主题词: 国际商法--远程教育--教材 , 国际商法
电子资源:
ISBN: 978-7-5663-0727-9
000 01085nam0 22002891 450
001 524
005 20140908110921.32
010    @a978-7-5663-0727-9@dCNY35.00
100    @a20140113d2013 em y0chiy50 ea
101 0  @achi@eeng
102    @aCN@b110000
105    @ay z 000yy
106    @ar
200 1  @a国际商法@AGuo Ji Shang Fa@dInternational commercial law@f刘刚仿,沈四宝编著@FLiu Gang Fang, Shen Si Bao Bian Zhu@zeng
205    @a2版
210    @a北京@c对外经济贸易大学出版社@d2013
215    @a297页@d23cm
300    @a对外经济贸易大学远程教育系列教材
330    @a本教材系统阐述了合同法、国际货物买卖法、产品责任法、代理法、合伙企业法、公司法、海上保险法、票据法、国际商事仲裁等相关内容,并利用远程教育的形式,为读者提供了一个学习国际商法的平台。
510 1  @aInternational commercial law@zeng
606 0  @a国际商法@x远程教育@j教材
606 0  @a国际商法
690    @aD996.1@v5
701  0 @a刘刚仿@ALiu Gang Fang@f(1963.11~)@4编著
701  0 @a沈四宝@AShen Si Bao@f(1946.9~)@4编著
801  0 @aCN@bTANGWEI@c20140603
905    @b0837441-43@dD996.1@e115=2@f3
    
    国际商法=International commercial law/刘刚仿,沈四宝编著.-2版.-北京:对外经济贸易大学出版社,2013
    297页;23cm
    对外经济贸易大学远程教育系列教材
    
    ISBN 978-7-5663-0727-9:CNY35.00
    本教材系统阐述了合同法、国际货物买卖法、产品责任法、代理法、合伙企业法、公司法、海上保险法、票据法、国际商事仲裁等相关内容,并利用远程教育的形式,为读者提供了一个学习国际商法的平台。
●
相关链接 在E读中查询图书 在五车中查询图书 在当当中查询图书 在豆瓣中查询图书


正题名:国际商法     索取号:D996.1/115=2         预约/预借

序号 登录号 条形码 馆藏地/架位号 状态 备注
1 0837441   208374418   第一样本阅览室/ [索取号:D996.1/115=2] 在馆    
2 0837442   208374427   密集书库-史法系/ [索取号:D996.1/115=2] 在馆    
3 0837443   208374436   第一借阅区/ [索取号:D996.1/115=2] 在馆    
唐山师范学院图书馆 欢迎您!
大连网信软件有限公司© 版权所有